[Event "TUR-chT 2nd League"]
[Site "Denizli"]
[Date "2023.07.13"]
[Round "7.105"]
[White "Kaygisiz, Ilayda"]
[Black "Dirican, Feride"]
[Result "1/2-1/2"]
[WhiteElo "1716"]
[BlackElo "1502"]
[PlyCount "68"]
[EventDate "2023.07.09"]
[EventType "team-swiss"]
[EventRounds "9"]
[EventCountry "TUR"]
[SourceTitle "CBM 215 Extra"]
[Source "ChessBase"]
[SourceDate "2023.09.30"]
[SourceVersion "1"]
[SourceVersionDate "2023.09.30"]
[SourceQuality "1"]
[WhiteTeam "Denizli Ihtisas"]
[BlackTeam "Calli Spor"]
[WhiteTeamCountry "TUR"]
[BlackTeamCountry "TUR"]

1. e4 c5 2. Nf3 Nc6 3. d4 cxd4 4. Nxd4 Nf6 5. Nc3 e6 6. Be2 Bb4 7. Nxc6 bxc6 8. Qd3 Qa5 9. 0-0 0-0 10. Be3 Bb7 11. a3 Bxc3 12. bxc3 d5 13. Rab1 Qc7 14. Bc5 Rfb8 15. f3 Nd7 16. Qe3 Bc8 17. Bd3 h6 18. f4 Nxc5 19. Qxc5 Rb6 20. exd5 Rxb1 21. Rxb1 exd5 22. Re1 Bd7 23. Qe7 g6 24. Qf6 Re8 25. Re5 Rxe5 26. fxe5 Qb6+ 27. Kf1 Qb1+ 28. Kf2 Qb6+ 29. Kf3 c5 30. Qe7 Be6 31. Qd6 Qa5 32. Bxg6 Qxc3+ 33. Bd3 c4 34. Qd8+ Kg7 1/2-1/2

[Event "TUR-chT 2nd League"]
[Site "Denizli"]
[Date "2023.07.09"]
[Round "1.95"]
[White "Ismayil, Malak"]
[Black "Kaygisiz, Ilayda"]
[Result "1-0"]
[WhiteElo "2158"]
[BlackElo "1716"]
[PlyCount "57"]
[EventDate "2023.07.09"]
[EventType "team-swiss"]
[EventRounds "9"]
[EventCountry "TUR"]
[SourceTitle "CBM 215 Extra"]
[Source "ChessBase"]
[SourceDate "2023.09.30"]
[SourceVersion "1"]
[SourceVersionDate "2023.09.30"]
[SourceQuality "1"]
[WhiteTeam "Ankara Genclik"]
[BlackTeam "Denizli Ihtisas"]
[WhiteTeamCountry "TUR"]
[BlackTeamCountry "TUR"]

1. e4 c5 2. Nf3 d6 3. Bb5+ Bd7 4. Bxd7+ Qxd7 5. c4 Nf6 6. Nc3 g6 7. 0-0 Bg7 8. Re1 Nc6 9. d4 cxd4 10. Nxd4 0-0 11. f3 Rfc8 12. Nde2 Ne5 13. b3 a6 14. a4 h5 15. Bg5 Nh7 16. Be3 h4 17. Nd5 h3 18. Nb6 Qc6 19. Nxc8 Qxc8 20. Rc1 hxg2 21. Kxg2 g5 22. Ng3 g4 23. fxg4 Nxg4 24. Nf5 Nxe3+ 25. Rxe3 Bf6 26. Qg4+ Kh8 27. Rh3 Qe6 28. Kf3 Be5 29. Rg1 1-0

[Event "TUR-chT 2nd League"]
[Site "Konya"]
[Date "2022.08.26"]
[Round "7.8"]
[White "Kaygisiz, Ilayda"]
[Black "Yilmaz, Seyma"]
[Result "0-1"]
[WhiteElo "1803"]
[BlackElo "1474"]
[PlyCount "127"]
[EventDate "2022.08.22"]
[EventType "team-swiss"]
[EventRounds "9"]
[EventCountry "TUR"]
[SourceTitle "CBM 210 Extra"]
[Source "ChessBase"]
[SourceDate "2022.11.30"]
[SourceVersion "1"]
[SourceVersionDate "2022.11.30"]
[SourceQuality "1"]
[WhiteTeam "Denizli Ihtisas"]
[BlackTeam "Marmara Universitesi"]
[WhiteTeamCountry "TUR"]
[BlackTeamCountry "TUR"]

1. e4 d5 2. exd5 Qxd5 3. d4 Nf6 4. Nf3 Nc6 5. c4 Qh5 6. Be2 Bg4 7. 0-0 0-0-0 8. Qa4 Nxd4 9. Nxd4 Bxe2 10. Nxe2 Qxe2 11. Nc3 Qe6 12. Qxa7 Qa6 13. Nb5 Qxa7 14. Nxa7+ Kb8 15. Nb5 e5 16. Be3 Ng4 17. Ba7+ Kc8 18. h3 Nf6 19. Be3 c6 20. Nc3 Bb4 21. Na4 Rd3 22. a3 Be7 23. Bb6 Nd7 24. Be3 e4 25. Rfd1 Ne5 26. Rxd3 Nxd3 27. Bd4 Bf6 28. Bxf6 gxf6 29. b4 Kc7 30. Nc3 f5 31. b5 Rg8 32. Kf1 Nf4 33. g3 Nxh3 34. c5 Ng5 35. Rd1 Ne6 36. b6+ Kc8 37. Na4 Rd8 38. Rb1 Rd3 39. Nb2 Rb3 40. Ke2 Nxc5 41. Kd2 Na4 42. Kc2 Rxb2+ 43. Rxb2 Nxb2 44. Kxb2 h5 45. Kc3 f4 46. Kd4 f5 47. a4 c5+ 48. Kc4 fxg3 49. fxg3 f4 50. gxf4 e3 51. Kd3 c4+ 52. Kxe3 h4 53. f5 h3 54. f6 Kd7 55. f7 Ke7 56. Kf2 h2 57. Kg2 h1Q+ 58. Kxh1 c3 59. a5 c2 60. f8Q+ Kxf8 61. a6 c1Q+ 62. Kg2 bxa6 63. b7 Qb2+ 64. Kg3 0-1

[Event "EU-ch U16 Girls"]
[Site "Bratislava"]
[Date "2019.08.10"]
[Round "9"]
[White "Kaygisiz, Ilayda"]
[Black "Mihailova, Alina"]
[Result "0-1"]
[WhiteElo "1851"]
[BlackElo "1777"]
[PlyCount "104"]
[EventDate "2019.08.02"]
[EventType "swiss"]
[EventRounds "9"]
[EventCountry "SVK"]
[SourceTitle "CBM 191 Extra"]
[Source "ChessBase"]
[SourceDate "2019.09.30"]
[SourceVersion "1"]
[SourceVersionDate "2019.09.30"]
[SourceQuality "1"]

1. e4 e5 2. Nf3 d6 3. d4 exd4 4. Nxd4 Nf6 5. Nc3 Be7 6. Be2 0-0 7. Be3 a6 8. a4 c5 9. Nb3 Nc6 10. g4 h6 11. Rg1 Nh7 12. Qd2 Be6 13. Nd5 Bg5 14. 0-0-0 Bxe3 15. Qxe3 Re8 16. f3 Ne5 17. f4 Nc6 18. g5 hxg5 19. fxg5 Bxd5 20. Rxd5 Nb4 21. Rf5 g6 22. Rf2 Qe7 23. Qf4 Qxe4 24. Qxe4 Rxe4 25. Rd1 Nxg5 26. Bf1 Re5 27. Bg2 c4 28. Nd2 d5 29. h4 Ne6 30. Rdf1 Rf8 31. Nf3 Re4 32. Bh1 Nc5 33. Ng5 Re7 34. h5 Nbd3+ 35. cxd3 Nxd3+ 36. Kc2 Nxf2 37. Rxf2 Re5 38. Rg2 Kg7 39. Rg3 Kh6 40. Nh3 Rxh5 41. Bf3 Rf5 42. Kc3 Re8 43. Kd4 Re1 44. Nf2 Rf1 45. Ng4+ Kg7 46. Be2 Re1 47. Bf3 Rxf3 48. Rxf3 Re4+ 49. Kxd5 Rxg4 50. Re3 Rg2 51. b3 cxb3 52. Rxb3 b5 0-1

[Event "EU-ch U16 Girls"]
[Site "Bratislava"]
[Date "2019.08.07"]
[Round "6"]
[White "Katkov, Michelle"]
[Black "Kaygisiz, Ilayda"]
[Result "0-1"]
[WhiteElo "2071"]
[BlackElo "1851"]
[PlyCount "76"]
[EventDate "2019.08.02"]
[EventType "swiss"]
[EventRounds "9"]
[EventCountry "SVK"]
[SourceTitle "CBM 191 Extra"]
[Source "ChessBase"]
[SourceDate "2019.09.30"]
[SourceVersion "1"]
[SourceVersionDate "2019.09.30"]
[SourceQuality "1"]

1. e4 c5 2. c3 Nf6 3. e5 Nd5 4. d4 cxd4 5. cxd4 Nc6 6. Nf3 d6 7. Bc4 Nb6 8. Bb5 Bd7 9. Nc3 dxe5 10. d5 Nb4 11. Nxe5 Bxb5 12. Nxb5 Rc8 13. 0-0 Qxd5 14. Nxa7 Rc5 15. Bd2 Qxe5 16. Bxb4 Rd5 17. Qb3 Qb8 18. Bc5 Rxc5 19. Qxb6 Qc7 20. Qb3 e6 21. Rfd1 Bd6 22. g3 Be5 23. Qa4+ Ke7 24. Qb4 Ra8 25. Nb5 Qc6 26. Rac1 b6 27. Na3 Ra4 28. Qd2 Rd4 29. Qe3 Rxd1+ 30. Rxd1 Bxb2 31. Qd2 Rd5 32. Qb4+ Qc5 33. Qh4+ g5 34. Qa4 Rxd1+ 35. Qxd1 Bxa3 36. Qh5 Qf5 37. Qe2 Bc5 38. Qb2 Qxf2+ 0-1

[Event "EU-ch U16 Girls"]
[Site "Bratislava"]
[Date "2019.08.06"]
[Round "5"]
[White "Kaygisiz, Ilayda"]
[Black "Sadka Darrell, Daria"]
[Result "1-0"]
[WhiteElo "1851"]
[BlackElo "1568"]
[PlyCount "61"]
[EventDate "2019.08.02"]
[EventType "swiss"]
[EventRounds "9"]
[EventCountry "SVK"]
[SourceTitle "CBM 191 Extra"]
[Source "ChessBase"]
[SourceDate "2019.09.30"]
[SourceVersion "1"]
[SourceVersionDate "2019.09.30"]
[SourceQuality "1"]

1. e4 d5 2. exd5 Qxd5 3. Nc3 Qd8 4. d4 Nf6 5. Bc4 a6 6. a4 Nc6 7. Nge2 Bf5 8. 0-0 Nb4 9. Bb3 e6 10. Ng3 Bg6 11. Na2 b5 12. Bg5 Nbd5 13. Qe2 Qd7 14. f4 h6 15. Bxf6 Nxf6 16. f5 bxa4 17. Bc4 Qxd4+ 18. Kh1 Bh5 19. Nxh5 Nxh5 20. Qxh5 Qxc4 21. fxe6 0-0-0 22. Qxf7 Qh4 23. Rf4 Qg5 24. Rxa4 Qd5 25. Nc3 Qe5 26. Re4 Qd6 27. e7 Bxe7 28. Qxe7 Qd2 29. Qe6+ Kb8 30. Rb4+ Ka8 31. Rxa6# 1-0

[Event "TUR-chT 2nd League"]
[Site "Konya"]
[Date "2019.07.26"]
[Round "7.6"]
[White "Kaygisiz, Ilayda"]
[Black "Kaya, Sila"]
[Result "1-0"]
[WhiteElo "1775"]
[BlackElo "1327"]
[PlyCount "89"]
[EventDate "2019.07.22"]
[EventType "team-swiss"]
[EventRounds "9"]
[EventCountry "TUR"]
[SourceTitle "CBM 191 Extra"]
[Source "ChessBase"]
[SourceDate "2019.09.30"]
[SourceVersion "1"]
[SourceVersionDate "2019.09.30"]
[SourceQuality "1"]
[WhiteTeam "Denizli Ihtisas"]
[BlackTeam "Istanbul Sisli"]
[WhiteTeamCountry "TUR"]
[BlackTeamCountry "TUR"]

1. e4 c5 2. Nf3 e6 3. d4 cxd4 4. Nxd4 Nc6 5. Nc3 Qc7 6. Be3 a6 7. a4 Bb4 8. Nxc6 bxc6 9. Qd4 Bxc3+ 10. Qxc3 Nf6 11. Bg5 e5 12. Bxf6 gxf6 13. Bc4 Bb7 14. Rd1 Rg8 15. g3 d6 16. a5 0-0-0 17. 0-0 f5 18. Qd3 fxe4 19. Qe2 d5 20. Bxa6 Qxa5 21. Bxb7+ Kxb7 22. Ra1 Qb6 23. Ra3 Kc7 24. Qh5 Rd7 25. Qxe5+ Rd6 26. Rfa1 Rb8 27. Rb3 f6 28. Qe7+ Rd7 29. Qa3 Qxb3 30. cxb3 d4 31. Kf1 d3 32. Ke1 Re8 33. Kd2 f5 34. Qa7+ Kd8 35. Qb8+ Ke7 36. Qe5+ Kf8 37. Qh8+ Ke7 38. Qxh7+ Kd8 39. Ra8+ Kc7 40. Ra7+ Kb6 41. Qxd7 Rb8 42. Qc7+ Kc5 43. Qe5+ Kb4 44. Qc3+ Kb5 45. Qa5# 1-0

[Event "TUR-chT 2nd League"]
[Site "Konya"]
[Date "2019.07.24"]
[Round "4.4"]
[White "Catal, Uktenur"]
[Black "Kaygisiz, Ilayda"]
[Result "0-1"]
[WhiteElo "1885"]
[BlackElo "1775"]
[PlyCount "65"]
[EventDate "2019.07.22"]
[EventType "team-swiss"]
[EventRounds "9"]
[EventCountry "TUR"]
[SourceTitle "CBM 191 Extra"]
[Source "ChessBase"]
[SourceDate "2019.09.30"]
[SourceVersion "1"]
[SourceVersionDate "2019.09.30"]
[SourceQuality "1"]
[WhiteTeam "Beyazkale Satranc Evi"]
[BlackTeam "Denizli Ihtisas"]
[WhiteTeamCountry "TUR"]
[BlackTeamCountry "TUR"]

1. d4 Nf6 2. c4 g6 3. Nc3 d5 4. cxd5 Nxd5 5. e4 Nxc3 6. bxc3 Bg7 7. Bc4 0-0 8. Ne2 c5 9. Be3 Nc6 10. 0-0 Bg4 11. f3 Bd7 12. Rc1 Qc7 13. Qd2 Rfd8 14. Bf4 Qc8 15. d5 Ne5 16. Bxe5 Bxe5 17. f4 Bg7 18. Rb1 a6 19. Qe3 b5 20. Bd3 c4 21. Bc2 Qc7 22. e5 Be8 23. Be4 Rab8 24. Kh1 a5 25. Nd4 b4 26. cxb4 axb4 27. Nc6 Bxc6 28. dxc6 f6 29. Qc5 fxe5 30. Qxc4+ Kh8 31. Rxb4 Rxb4 32. Qxb4 exf4 33. Bf3 0-1

[Event "TUR-chT 2nd League"]
[Site "Konya"]
[Date "2019.07.23"]
[Round "2.4"]
[White "Aydemir, Sermin Naz"]
[Black "Kaygisiz, Ilayda"]
[Result "0-1"]
[WhiteElo "1491"]
[BlackElo "1775"]
[PlyCount "140"]
[EventDate "2019.07.22"]
[EventType "team-swiss"]
[EventRounds "9"]
[EventCountry "TUR"]
[SourceTitle "CBM 191 Extra"]
[Source "ChessBase"]
[SourceDate "2019.09.30"]
[SourceVersion "1"]
[SourceVersionDate "2019.09.30"]
[SourceQuality "1"]
[WhiteTeam "Seyhan Belediye"]
[BlackTeam "Denizli Ihtisas"]
[WhiteTeamCountry "TUR"]
[BlackTeamCountry "TUR"]

1. g3 d5 2. Bg2 Nf6 3. Nf3 c5 4. 0-0 g6 5. d4 cxd4 6. Nxd4 Bg7 7. Bf4 0-0 8. Nc3 a6 9. Qd2 Re8 10. Nf3 Nc6 11. Ne5 Nh5 12. Nxc6 bxc6 13. Bh6 Bh8 14. Bf3 Ng7 15. e4 d4 16. Ne2 Ne6 17. Rad1 Qb6 18. c3 c5 19. Nc1 Bb7 20. Bg2 Red8 21. Qe2 dxc3 22. bxc3 Bxc3 23. f4 Rxd1 24. Rxd1 Rd8 25. Rf1 Qb2 26. Qf3 f5 27. Ne2 Bd4+ 28. Nxd4 Qxd4+ 29. Qf2 fxe4 30. Qxd4 cxd4 31. f5 Nc5 32. fxg6 hxg6 33. Rc1 Rd5 34. Kf1 Kh7 35. Bd2 Rf5+ 36. Kg1 e3 37. Be1 Bxg2 38. Kxg2 Nd3 39. Rd1 Nxe1+ 40. Rxe1 Rf2+ 41. Kg1 Rxa2 42. h4 e2 43. Kf2 d3 44. Rb1 e5 45. g4 Ra4 46. Ke3 Rxg4 47. Kxd3 Rxh4 48. Kxe2 Ra4 49. Kf3 Kh6 50. Rg1 Kg7 51. Ke3 a5 52. Rc1 Kf6 53. Rf1+ Ke6 54. Rg1 Kf5 55. Rf1+ Rf4 56. Ra1 a4 57. Ra2 g5 58. Rc2 a3 59. Rc8 Ra4 60. Rf8+ Kg4 61. Rf1 a2 62. Ra1 e4 63. Rg1+ Kf5 64. Rf1+ Ke5 65. Ra1 Ra3+ 66. Ke2 g4 67. Kf2 Kf4 68. Ke2 e3 69. Rf1+ Ke4 70. Ra1 g3 0-1

[Event "TUR-chT 2nd League"]
[Site "Konya"]
[Date "2018.07.17"]
[Round "2.5"]
[White "Kaygisiz, Ilayda"]
[Black "Kose, Ulya"]
[Result "1-0"]
[WhiteElo "1703"]
[BlackElo "1579"]
[PlyCount "49"]
[EventDate "2018.07.16"]
[EventType "team-swiss"]
[EventRounds "9"]
[EventCountry "TUR"]
[SourceTitle "EXT 2019"]
[Source "ChessBase"]
[SourceDate "2018.10.10"]
[SourceVersion "1"]
[SourceVersionDate "2018.10.10"]
[SourceQuality "1"]
[WhiteTeam "Denizli Ihtisas"]
[BlackTeam "Koroglu Dernegi"]
[WhiteTeamCountry "TUR"]
[BlackTeamCountry "TUR"]

1. e4 e5 2. Nf3 Nc6 3. Bc4 Bc5 4. d3 Nf6 5. c3 0-0 6. 0-0 d6 7. h3 Re8 8. Bb3 Bb6 9. Nbd2 Ne7 10. Nh4 d5 11. Ndf3 Nc6 12. exd5 Nxd5 13. Ng5 h6 14. Qf3 hxg5 15. Bxd5 Be6 16. Bxe6 Rxe6 17. Nf5 f6 18. Qg4 Qe8 19. h4 e4 20. d4 Qf7 21. d5 Ne5 22. dxe6 Nxg4 23. exf7+ Kxf7 24. Be3 Nxe3 25. Nxe3 1-0

[Event "TUR-chT 2nd League"]
[Site "Konya"]
[Date "2018.07.17"]
[Round "3.4"]
[White "Yesil, Duygu"]
[Black "Kaygisiz, Ilayda"]
[Result "0-1"]
[WhiteElo "1356"]
[BlackElo "1703"]
[PlyCount "116"]
[EventDate "2018.07.16"]
[EventType "team-swiss"]
[EventRounds "9"]
[EventCountry "TUR"]
[SourceTitle "EXT 2019"]
[Source "ChessBase"]
[SourceDate "2018.10.10"]
[SourceVersion "1"]
[SourceVersionDate "2018.10.10"]
[SourceQuality "1"]
[WhiteTeam "Marmara Universitesi"]
[BlackTeam "Denizli Ihtisas"]
[WhiteTeamCountry "TUR"]
[BlackTeamCountry "TUR"]

1. Nf3 d5 2. c4 e6 3. b3 Nf6 4. Bb2 Be7 5. g3 b6 6. Bg2 Bb7 7. 0-0 0-0 8. d4 Ne4 9. Nbd2 Nd7 10. Rc1 Ndf6 11. Nxe4 Nxe4 12. Nd2 f5 13. f3 Nxd2 14. Qxd2 c5 15. Rfd1 Qd6 16. dxc5 bxc5 17. e3 Qb6 18. Kh1 Rfd8 19. Qf2 a5 20. Be5 Bf8 21. Qb2 a4 22. Rb1 dxc4 23. bxc4 Rxd1+ 24. Rxd1 Qxb2 25. Bxb2 a3 26. Be5 Bc6 27. f4 Bxg2+ 28. Kxg2 Kf7 29. Kf3 Ra4 30. Rc1 Be7 31. Rc3 Bd8 32. Bd6 Ba5 33. Rb3 Bb4 34. Rd3 Ra7 35. Be5 h6 36. h4 g6 37. e4 fxe4+ 38. Kxe4 Ra4 39. Bc3 Bxc3 40. Rxc3 Kf6 41. g4 g5 42. hxg5+ hxg5 43. f5 Ra8 44. Rd3 exf5+ 45. gxf5 Re8+ 46. Kf3 Kxf5 47. Rxa3 g4+ 48. Kg3 Re4 49. Rc3 Re2 50. Ra3 Rc2 51. Ra4 Rc3+ 52. Kg2 Kf4 53. Ra8 Rc2+ 54. Kg1 Rxc4 55. Rf8+ Kg3 56. Rf2 Rc1+ 57. Rf1 Rxf1+ 58. Kxf1 Kh2 0-1

[Event "TUR-chT 2nd League"]
[Site "Konya"]
[Date "2017.07.18"]
[Round "2.12"]
[White "Aladag, Begum"]
[Black "Kaygisiz, Ilayda"]
[Result "0-1"]
[WhiteElo "1379"]
[BlackElo "1635"]
[PlyCount "114"]
[EventDate "2017.07.17"]
[EventType "team-swiss"]
[EventRounds "9"]
[EventCountry "TUR"]
[SourceTitle "CBM 179 Extra"]
[Source "ChessBase"]
[SourceDate "2017.08.23"]
[SourceVersion "1"]
[SourceVersionDate "2017.08.23"]
[SourceQuality "1"]
[WhiteTeam "Mersin Zeka"]
[BlackTeam "Denizli Ihtisas"]
[WhiteTeamCountry "TUR"]
[BlackTeamCountry "TUR"]

1. e4 c5 2. Nc3 a6 3. g3 Nc6 4. Bg2 g6 5. d3 Bg7 6. Be3 d6 7. Qd2 Nd4 8. Nge2 Nxe2 9. Qxe2 Rb8 10. 0-0 b5 11. Qd2 b4 12. Nd1 Nf6 13. Bh6 0-0 14. Bxg7 Kxg7 15. d4 cxd4 16. Qxd4 Qb6 17. Qxb6 Rxb6 18. Ne3 Bb7 19. Nc4 Rb5 20. e5 dxe5 21. Bxb7 Rxb7 22. Nxe5 Rc8 23. Rfc1 Rbc7 24. Nd3 a5 25. Re1 e6 26. Rac1 Rxc2 27. Rxc2 Rxc2 28. Rc1 Rd2 29. Ne5 Ne4 30. Nc4 Rd5 31. Re1 Nd6 32. Nxd6 Rxd6 33. Re5 Rd5 34. Re2 Kf6 35. Kg2 e5 36. Kf3 Rd4 37. h3 Rc4 38. Rd2 Ke6 39. Ke3 a4 40. Ke2 f5 41. Kf3 h5 42. h4 f4 43. g4 b3 44. axb3 axb3 45. gxh5 gxh5 46. Ke2 e4 47. Kd1 Ke5 48. Re2 Ra4 49. Kd2 Kd4 50. Re1 Rc4 51. Rb1 e3+ 52. fxe3+ fxe3+ 53. Ke1 Ke4 54. Kf1 Kf3 55. Re1 Rxh4 56. Kg1 Rg4+ 57. Kh1 Kf2 0-1

[Event "Serik op"]
[Site "Serik"]
[Date "2017.05.16"]
[Round "1"]
[White "Kaygisiz, Ilayda"]
[Black "Alexanian, Nelli"]
[Result "0-1"]
[WhiteElo "1629"]
[BlackElo "2128"]
[PlyCount "82"]
[EventDate "2017.05.16"]
[EventType "swiss"]
[EventRounds "9"]
[EventCountry "TUR"]
[SourceTitle "CBM 178 Extra"]
[Source "ChessBase"]
[SourceDate "2017.06.22"]
[SourceVersion "1"]
[SourceVersionDate "2017.06.22"]
[SourceQuality "1"]

1. e4 e6 2. g3 b6 3. Bg2 Bb7 4. c4 c5 5. Ne2 d5 6. exd5 exd5 7. 0-0 Ne7 8. Nbc3 Qd7 9. d4 dxc4 10. Bxb7 Qxb7 11. d5 Nd7 12. Nf4 0-0-0 13. Qg4 h5 14. Qf3 g6 15. Rd1 Nf5 16. Be3 Ne5 17. Qe4 Bg7 18. Rac1 h4 19. a3 hxg3 20. fxg3 Nxe3 21. Qxe3 Rxh2 22. Qxe5 Bxe5 23. Kxh2 g5 24. Nfe2 f5 25. Kg2 b5 26. Rd2 b4 27. axb4 cxb4 28. Nd1 Rxd5 29. Rxc4+ Rc5+ 30. Kf2 Rxc4 31. Ne3 Qb6 32. Rd5 Re4 33. Rd3 f4 34. gxf4 gxf4 35. Kf3 Rxe3+ 36. Rxe3 Qxe3+ 37. Kg4 Qxe2+ 38. Kf5 Kd7 39. Kg6 Ke6 40. Kh7 Qh5+ 41. Kg8 Qf7# 0-1

[Event "TUR-ch (Women)"]
[Site "Aksu"]
[Date "2017.03.07"]
[Round "2"]
[White "Ozturk Orenli, Kubra"]
[Black "Kaygisiz, Ilayda"]
[Result "1-0"]
[WhiteElo "2262"]
[BlackElo "1623"]
[PlyCount "117"]
[EventDate "2017.03.06"]
[EventType "swiss"]
[EventRounds "9"]
[EventCountry "TUR"]
[SourceTitle "CBM 177 Extra"]
[Source "ChessBase"]
[SourceDate "2017.04.27"]
[SourceVersion "1"]
[SourceVersionDate "2017.04.27"]
[SourceQuality "1"]

1. d4 Nf6 2. c4 c5 3. d5 d6 4. Nc3 g6 5. e4 Bg7 6. Be2 0-0 7. Nf3 Ne8 8. 0-0 Nd7 9. Bg5 h6 10. Be3 e5 11. dxe6 fxe6 12. Qd2 Kh7 13. Rad1 a6 14. Qc2 b6 15. h4 Rxf3 16. Bxf3 Qxh4 17. g3 Qh3 18. Bg2 Qh5 19. f3 Ne5 20. Ne2 g5 21. g4 Qg6 22. Ng3 b5 23. b3 Bb7 24. Nh5 Bh8 25. Rf2 Bc6 26. Bf1 Ra7 27. Be2 Rf7 28. cxb5 Bxb5 29. a4 Bc6 30. Rdf1 a5 31. Qd2 c4 32. bxc4 Bxa4 33. Qxa5 Bc6 34. Qd2 Rd7 35. Rh2 d5 36. exd5 exd5 37. c5 d4 38. Bxg5 Qxg5 39. Qxg5 hxg5 40. Nf6+ Kg6 41. Nxd7 d3 42. Nxe5+ Bxe5 43. Bxd3+ Kg7 44. Rh7+ Kg8 45. Rh6 Nf6 46. Rg6+ Kf7 47. Rxg5 Bd4+ 48. Kg2 Nd5 49. Bc4 Kf6 50. Rf5+ Ke6 51. Bxd5+ Bxd5 52. Re1+ Kd7 53. Rxd5+ Kc6 54. Rxd4 Kxc5 55. Red1 Kb5 56. Rc1 Kb6 57. Rb4+ Ka5 58. Rb2 Ka4 59. Ra1# 1-0